Financial services and financial institutions : Value creation and practice
The book is organized into five parts.Part 1 provides an overview of the firms and markets in the financial services industry, and delineates the way these institutions currently fit into the international economy. Part 2 examines each of the six basic financial services in terms of how value is pro...
Enregistré dans:
| Auteur principal: | |
|---|---|
| Format: | Livre |
| Langue: | Undetermined |
| Publié: |
Englewood Cliffs, New Jersey
Prentice-Hall
1996
|
| Sujets: | |
| Tags: |
Ajouter un tag
Pas de tags, Soyez le premier à ajouter un tag!
|
| Thư viện lưu trữ: | Trung tâm Học liệu Trường Đại học Cần Thơ |
|---|
| LEADER | 01397nam a2200217Ia 4500 | ||
|---|---|---|---|
| 001 | CTU_18945 | ||
| 008 | 210402s9999 xx 000 0 und d | ||
| 082 | |a 332.1068 | ||
| 082 | |b D566 | ||
| 100 | |a Dietrich, J. Kimball | ||
| 245 | 0 | |a Financial services and financial institutions : | |
| 245 | 0 | |b Value creation and practice | |
| 245 | 0 | |c J. Kimball Dietrich | |
| 260 | |a Englewood Cliffs, New Jersey | ||
| 260 | |b Prentice-Hall | ||
| 260 | |c 1996 | ||
| 520 | |a The book is organized into five parts.Part 1 provides an overview of the firms and markets in the financial services industry, and delineates the way these institutions currently fit into the international economy. Part 2 examines each of the six basic financial services in terms of how value is produced for those who demand these services. Part 3 examines the environment within which financial services firms operate and assesses the determinants of the risk and return opportunities confronting managers. Part 4 introduces methods udes to deal with risk in financial strategies. Part 5 reviews the strategic issues relevant to intermediate and long-term planning and introduces the financial methods used to forecast and project future performance | ||
| 650 | |a Financial institution,Financial services industry | ||
| 650 | |x Management | ||
| 904 | |i Minh, Hải | ||
| 980 | |a Trung tâm Học liệu Trường Đại học Cần Thơ | ||